000 00832nam a22002057a 4500
005 20240419110819.0
010 _aHIN-127399
020 _c295.00
_a8170436990
035 _aHN-99745
037 _bDBAD
082 _a
100 _aबाली, इन्दु
_964907
245 _aएक दर्द सन 1947/
_cनिर्मल वालिया
260 _aन्यू दिल्ली
_bएस.एन पब्लिकेशन
_c2021
270 _a7/12 ए-75 श्रीराम कॉलोनी निलोठी एक्सटेंशन नांगलोई
_bन्यू दिल्ली
_e110041
300 _a127पृ.
_c23 सेमी.(साजिल्द)
650 _aहिन्दी कहानी
_964908
700 _964809
942 _2ddc
_cHN
_h
_mबालीइ
999 _c202283
_d202283